Score 0/278 Timer 09:00
0 Plays Today
Lyrics % Correct
{Verse 1}
100%
{Chorus}
99.9%
{Verse 2}
99.9%
{Hook}
99.9%
{Hook}
99.9%
{Bridge}
99.9%
{Chorus}
99.9%
{Chorus}
99.9%
{Bridge}
99.9%
I
96%
I
96%
I
96%
I
96%
I
96%
I
96%
I
96%
I
96%
I
96%
I
96%
you
90%
You
90%
You
90%
you
90%
you,
90%
you
90%
you
90%
You
90%
You
90%
you,
90%
you
90%
you
90%
you
90%
the
87.5%
the
87.5%
the
87.5%
the
87.5%
the
87.5%
the
87.5%
the
87.5%
the
87.5%
the
87.5%
the
87.5%
the
87.5%
the
87.5%
the
87.5%
the
87.5%
the
87.5%
the
87.5%
the
87.5%
the
87.5%
oh
80%
oh
80%
oh
80%
oh
80%
oh
80%
oh (x8)
80%
To
74.8%
To
74.8%
it
73.2%
it
73.2%
it
73.2%
it
73.2%
me
73.2%
it,
73.2%
it
73.2%
me,
73.2%
me
73.2%
me
73.2%
it
73.2%
it
73.2%
me
73.2%
it,
73.2%
it
73.2%
me,
73.2%
me
73.2%
it
73.2%
it
73.2%
it
73.2%
it
73.2%
we
72.3%
we
72.3%
can
67.8%
can
67.8%
in
67.5%
in
67.5%
on
64.1%
on
64.1%
on
64.1%
on
64.1%
on
64.1%
on
64.1%
on
64.1%
on
64.1%
Lyrics % Correct
on
64.1%
on
64.1%
on
64.1%
on
64.1%
on
64.1%
no
61.9%
no
61.9%
your
61.8%
your
61.8%
your
61.8%
that
59.9%
that
59.9%
that
59.9%
that
59.9%
what
59.5%
what
59.5%
what
59.5%
what
59.5%
what
59.5%
know
58.4%
know
58.4%
want
55.7%
want
55.7%
when
55.2%
when
55.2%
my
53.2%
for
53.1%
for?
53.1%
for?
53.1%
see
52.3%
See
52.3%
See
52.3%
can't
51.5%
can't
51.5%
If
50.9%
If
50.9%
If
50.9%
like,
49.9%
like
49.9%
like,
49.9%
like
49.9%
you're
47.4%
This
46.3%
this
46.3%
this
46.3%
this
46.3%
I'm
43.5%
I'm
43.5%
take
43.3%
take
43.3%
take
43.3%
take
43.3%
take
43.3%
take
43.3%
get
38.1%
get
38.1%
Get
38.1%
get
38.1%
get
38.1%
more
36.9%
more
36.9%
got
34.3%
got
34.3%
with
33%
one
32.6%
baby
32.2%
Baby,
32.2%
baby
32.2%
Baby,
32.2%
feel
29.8%
feel
29.8%
waiting
29.1%
waiting
29.1%
out
27%
Come
25.4%
Come
25.4%
Never
25.3%
Never
25.3%
let
25.1%
let
25.1%
let
25.1%
let
25.1%
'cause
23.5%
world
21.8%
world
21.8%
world
21.8%
world
21.8%
world
21.8%
world
21.8%
world
21.8%
world
21.8%
floor
21.7%
floor
21.7%
Lyrics % Correct
than
20.5%
than
20.5%
off
20.4%
mind
17.3%
mind
17.3%
before
17.3%
before
17.3%
good
16.8%
tonight
15.3%
tonight
15.3%
felt
14.6%
felt
14.6%
felt
14.6%
felt
14.6%
next
13.3%
next
13.3%
Next
13.3%
Keep
12.7%
Keep
12.7%
Keep
12.7%
Keep
12.7%
Keep
12.7%
Keep
12.7%
Keep
12.7%
Keep
12.7%
level
12.3%
level
12.3%
move,
12.1%
dancing
11.4%
dancing
11.4%
dancing
11.4%
dancing
11.4%
dancing
11.4%
dancing
11.4%
dancing
11.4%
dancing
11.4%
dancing
11.4%
ends
10.4%
ends
10.4%
ends
10.4%
ends
10.4%
ends
10.4%
ends
10.4%
ends
10.4%
ends
10.4%
till
10.3%
till
10.3%
till
10.3%
till
10.3%
till
10.3%
till
10.3%
till
10.3%
till
10.3%
touch
10.1%
ain't
9.6%
ain't
9.6%
blow
9.4%
blow
9.4%
hit
9.3%
DJ
9.1%
DJ
9.1%
Watch
8.8%
A-list
8.2%
list
8.1%
dark
7.9%
lose
7.5%
lose
7.5%
Whoa
7.2%
hard
7%
happen
7%
happen
7%
notice
6.6%
notice
6.6%
notice
6.6%
dying
6.3%
tongue
6.1%
remix
5.9%
tied
5.8%
knots,
5.4%
company
5.3%
Sicker
5.2%
stopping
4.7%
stopping
4.7%
Spit
4.7%
staring
4.6%
kitten
4.5%
sunlight,
4.5%
sunlight,
4.5%
wearing,
4.4%
Hotter
4.2%
sh*t
4%
noticin'
2.9%
Remove Ads.
Support Sporcle.
Get the best of Sporcle when you Go Orange. This ad-free experience offers more features, more stats, and more fun while also helping to support Sporcle. Thank you for becoming a member.

You're not logged in!

Compare scores with friends on all Sporcle quizzes.
OR
Log In

Show Comments

Extras

Top Quizzes Today


Score Distribution

Your Account Isn't Verified!

In order to create a playlist on Sporcle, you need to verify the email address you used during registration. Go to your Sporcle Settings to finish the process.

Report this User

Report this user for behavior that violates our Community Guidelines.

Details: